000 00434nam a2200169Ia 4500
003 GCL
008 140319s9999 xx 000 0 eng d
040 _aGCL /
_cGCL
082 0 4 _a657
_bO F
100 1 _aDADGE, RAY
245 1 0 _aFOUNDATIONS OF BUSINESS ACCOUNITING /
_cDADGE, RAY
260 _a[S.N] :
_bCHAPMAN & HALL ،
_c1993
300 _a594 P
650 0 4 _aACCOUNTINY ENVIRONMENT
650 0 4 _aACCOUNTING
942 _2ddc
_cBK
999 _c20521
_d20521